[Event "Belgrade Serbia op"]
[Site "Belgrade"]
[Date "2023.07.20"]
[Round "5"]
[White "Valiyev, Shahin"]
[Black "Arora, Divitt"]
[Result "1-0"]
[WhiteElo "2220"]
[BlackElo "1682"]
[PlyCount "105"]
[EventDate "2023.07.16"]
[EventType "swiss"]
[EventRounds "9"]
[EventCountry "SRB"]
[SourceTitle "CBM 215 Extra"]
[Source "ChessBase"]
[SourceDate "2023.09.30"]
[SourceVersion "1"]
[SourceVersionDate "2023.09.30"]
[SourceQuality "1"]

1. e4 e5 2. Nf3 Nc6 3. Bb5 a6 4. Ba4 Nf6 5. 0-0 Be7 6. Re1 b5 7. Bb3 d6 8. c3 0-0 9. h3 Na5 10. Bc2 c5 11. d4 Qc7 12. Nbd2 cxd4 13. cxd4 Nc6 14. a3 Bd7 15. d5 Na5 16. b3 Rfc8 17. Ra2 Nb7 18. b4 Nd8 19. Nb3 Ne8 20. Nh2 g6 21. Qf3 Ng7 22. Ng4 Bxg4 23. hxg4 Nb7 24. Bd2 Qd8 25. Qe3 Qd7 26. Qe2 Bd8 27. Rea1 h5 28. g5 Qg4 29. Qxg4 hxg4 30. g3 Bb6 31. Bd3 Ne8 32. a4 Nc7 33. axb5 axb5 34. Rxa8 Rxa8 35. Rxa8+ Nxa8 36. Bxb5 Nc7 37. Be2 Kf8 38. Bxg4 Ke7 39. Kf1 Nb5 40. Be2 Nc7 41. Bc4 Ne8 42. Bb5 Nc7 43. Ba4 Kd8 44. Ke2 Kc8 45. f4 exf4 46. gxf4 Na6 47. Be8 Nd8 48. f5 Nc7 49. Bxf7 Nxf7 50. fxg6 Kd7 51. gxf7 Ke7 52. g6 Kf8 53. Bh6+ 1-0